| 000 | 00580 a2200169 4500 | ||
|---|---|---|---|
| 999 |
_c1333 _d1333 |
||
| 020 | _a9780273779926 | ||
| 050 | _aHB 615 BAR 2013 | ||
| 100 |
_aBarringer Bruce R. _eAuthor |
||
| 245 |
_aEntrepreneurship: _bSuccessfully Launching New Ventures/ _cBruce R. Barringer and R. Duane Ireland |
||
| 250 |
_a4th ed. _bPearson Horizon Editions |
||
| 264 |
_aBoston: _bPearson Education Limited. _c2013 |
||
| 300 |
_a589p. _bill. |
||
| 500 | _aIncludes Index | ||
| 650 |
_aEntrepreneurship _xBusiness Startups |
||
| 700 |
_aIreland Duane R. _ejoint author |
||
| 942 |
_2lcc _cBK _e4th _h615 _iBAR _kHB |
||